000 00942nam a2200253 i 4500
003 DO-SdBNP
005 20230503111932.0
007 ta
008 230503t2013 rd a|||gr|||| 001 e spa d
020 _a9789945007343
040 _aDO-SdBNP
_bspa
_cBNPHU
_erda
082 4 _222
_bR789g
245 0 0 _aGuía de estudio del libro mayordomía es salvación. /
_cManuel A. Rosario; edición del texto, Emma Castillo, Domingo Guzmán, Estela Urbano
264 3 0 _aSanto Domingo :
_bMinisterio de Mayordomía de la Asociación Central Dominicana de los Adventistas del Séptimo día,
_c2013
300 _a28 páginas ;
_c21 cm
336 _2rdaconten
_atexto
_btxt
337 _2rdamedia
_asin medición
_bn
338 _2rdacarrier
_avolumen
_bnc
590 _aInventariado 2023 / MF
700 1 _aCastillo, Emma,
_eedición
_983316
700 1 _971128
_aGuzmán, Domingo
_eedición
700 1 _aUrbano, Esteban,
_eedición
_983317
942 _2ddc
_cLF2
999 _c53402
_d53402